Dying Light Zombies - Statistics

General Stats
  • This quiz has been taken 436 times
  • The average score is 6 of 9
Answer Stats
Hint Answer % Correct
Only comes out at night, very dangerous Volatile
80%
Fast, able to climb Viral
78%
Only comes out at night, runs away from you Bolter
65%
Big guy at prison Demolisher
65%
Blows up self near you Bomber
64%
Screams if you go near them Screamer
64%
BIG guy, hard to kill with regular weapons Goon
58%
Regular, slow, and most common Walker
57%
Spits up at you Toad
54%
No matching quizzes found
Score Distribution
Percent of People with Each Score
Percentile by Number Answered
Your Score History
You have not taken this quiz